| 000 | 01097cam a2200313 a 4500 | ||
|---|---|---|---|
| 001 | 3550325 | ||
| 003 | NUST - PNEC | ||
| 005 | 20170116181130.0 | ||
| 008 | 970425s1996 enka 001 0 eng | ||
| 010 | _a 97144096 | ||
| 020 | _a0750625309 | ||
| 040 |
_aDLC _cLIBRARY _dDLC |
||
| 050 | 0 | 0 |
_aVM600 _b.T385 1996 |
| 082 | 0 | 0 |
_a623.87 TAY _221 |
| 100 | 1 |
_aTaylor, D. A., _cM.Sc. |
|
| 245 | 1 | 0 |
_aIntroduction to marine engineering / _cD.A. Taylor. |
| 246 | 3 | 0 | _aMarine engineering |
| 250 | _a2nd ed., rev. | ||
| 260 |
_aOxford ; _aBoston : _bButterworth Heinemann, _c1996. |
||
| 300 |
_aix, 372 p. : _bill. ; _c24 cm. |
||
| 500 | _a"Revised second edition"--Cover. | ||
| 500 | _aIncludes index. | ||
| 650 | 0 |
_aMarine engineering. _xEE |
|
| 650 | 0 | _aMarine machinery. | |
| 856 | 4 | 2 |
_3Publisher description _uhttp://www.loc.gov/catdir/description/els032/97144096.html |
| 856 | 4 | 1 |
_3Table of contents _uhttp://www.loc.gov/catdir/toc/els032/97144096.html |
| 942 |
_2ddc _cBK |
||
| 999 |
_c69899 _d69899 |
||